Statistics for Best Dazed and Confused Quotes Quiz

Click here to take the quiz!

General Stats

  • This quiz has been taken 553 times
    (552 since last reset)
  • The average score is 8 of 12

Answer Stats

CharacterQuoteAnswer% Correct
WoodersonThat's what I love about these high school girls, man. I get older and they stay the ____ ___same age
98%
SimoneNow fry like _____, you little freshman piggiesbacon
91%
PinkAll I'm saying is that if I ever start referring to these as the best _____ of my life - remind me to kill myselfyears
90%
WoodersonAll right, all right, ___ _____all right
84%
PinkPut some ice on it. After that, there's nothing
a few _____ won't take care of
beers
82%
O'BannionYou are an embarrassment to the game of ____ and should be glad I even let you play at my tablepool
73%
WoodersonI love them ___headsred
71%
Mitch (asked if he has a joint)No, not __ __, manon me
65%
TonyNothing like piling on old _________ and syrup after
a night of beer drinking
pancakes
64%
MikeSo all I have to do is get in one good _____,
play defense and wait
punch
55%
SlaterGeorge Washington was in a cult, and the cult was into ______, manaliens
35%
Don DawsonWhen I get to college I'm gonna be like ____... ____.. ____ ____bang, bang, bang, bang
32%

Score Distribution

Percentile by Number Answered

Percent of People with Each Score

Your Score History

You have not taken this quiz since the last reset